[Event "Turin Sociale Alfieri CC-ch"]
[Site "Turin"]
[Date "2009.11.08"]
[Round "8"]
[White "Sarno, Spartaco"]
[Black "Giacomasso, Enrico"]
[Result "1-0"]
[WhiteElo "2324"]
[BlackElo "2012"]
[PlyCount "63"]
[EventDate "2009.10.10"]
[EventType "tourn"]
[EventRounds "9"]
[EventCountry "ITA"]
[SourceTitle "EXT 2012"]
[Source "ChessBase"]
[SourceDate "2011.11.24"]
[SourceVersion "1"]
[SourceVersionDate "2011.11.24"]
[SourceQuality "1"]

1. d4 Nf6 2. c4 e6 3. Nf3 d5 4. Nc3 c6 5. Bg5 Be7 6. e3 Nbd7 7. Qc2 h6 8. Bf4 a6 9. c5 Nh5 10. Bd3 Nxf4 11. exf4 Qc7 12. g3 0-0 13. 0-0 Rb8 14. Rfe1 b6 15. cxb6 Qxb6 16. Na4 Qb7 17. Rac1 c5 18. dxc5 Qb4 19. a3 Qb3 20. Nd4 Qxc2 21. Rxc2 Bf6 22. Nc6 Rb3 23. Re3 d4 24. Bh7+ Kxh7 25. Rxb3 e5 26. fxe5 Nxe5 27. Nxe5 Bxe5 28. Re2 Be6 29. Rb6 Bc7 30. Rbxe6 fxe6 31. Rxe6 d3 32. Re7 1-0

[Event "Turin Sociale Alfieri CC-ch"]
[Site "Turin"]
[Date "2009.11.07"]
[Round "7"]
[White "Moncelli, Giorgio"]
[Black "Sarno, Spartaco"]
[Result "1/2-1/2"]
[WhiteElo "2071"]
[BlackElo "2324"]
[PlyCount "20"]
[EventDate "2009.10.10"]
[EventType "tourn"]
[EventRounds "9"]
[EventCountry "ITA"]
[SourceTitle "EXT 2012"]
[Source "ChessBase"]
[SourceDate "2011.11.24"]
[SourceVersion "1"]
[SourceVersionDate "2011.11.24"]
[SourceQuality "1"]

1. d4 Nf6 2. c4 g6 3. Nc3 Bg7 4. e4 0-0 5. f3 d6 6. Bg5 a6 7. Qd2 Nc6 8. Nge2 Rb8 9. Rc1 Re8 10. Ng3 e5 1/2-1/2

[Event "Turin Sociale Alfieri CC-ch"]
[Site "Turin"]
[Date "2009.10.25"]
[Round "5"]
[White "Faraoni, Enrico"]
[Black "Sarno, Spartaco"]
[Result "0-1"]
[WhiteElo "2088"]
[BlackElo "2324"]
[PlyCount "62"]
[EventDate "2009.10.10"]
[EventType "tourn"]
[EventRounds "9"]
[EventCountry "ITA"]
[SourceTitle "EXT 2012"]
[Source "ChessBase"]
[SourceDate "2011.11.24"]
[SourceVersion "1"]
[SourceVersionDate "2011.11.24"]
[SourceQuality "1"]

1. e4 d6 2. d4 Nf6 3. Nc3 g6 4. f4 Bg7 5. a3 0-0 6. Nf3 c5 7. dxc5 Qa5 8. Bd3 Qxc5 9. Qe2 Nbd7 10. Be3 Qc7 11. 0-0 a6 12. Qe1 b5 13. Qh4 Bb7 14. Rae1 e5 15. f5 gxf5 16. Qg5 f4 17. Nh4 h6 18. Qf5 Nc5 19. Qh3 Bc8 20. Nf5 Bxf5 21. Qxf5 Nxd3 22. cxd3 Qc8 23. Qxc8 Raxc8 24. Bd2 Rfd8 25. g3 fxg3 26. Bxh6 gxh2+ 27. Kh1 Bxh6 28. Rxf6 Bd2 29. Re2 Bxc3 30. Rg2+ Kf8 31. bxc3 Rxc3 0-1

[Event "Turin Sociale Alfieri CC-ch"]
[Site "Turin"]
[Date "2009.10.25"]
[Round "6"]
[White "Sarno, Spartaco"]
[Black "Finocchiaro, Gianluca"]
[Result "1-0"]
[WhiteElo "2324"]
[BlackElo "2088"]
[PlyCount "49"]
[EventDate "2009.10.10"]
[EventType "tourn"]
[EventRounds "9"]
[EventCountry "ITA"]
[SourceTitle "EXT 2012"]
[Source "ChessBase"]
[SourceDate "2011.11.24"]
[SourceVersion "1"]
[SourceVersionDate "2011.11.24"]
[SourceQuality "1"]

1. Nf3 d5 2. c4 dxc4 3. Na3 Nf6 4. Nxc4 e6 5. g3 Be7 6. Bg2 0-0 7. 0-0 c6 8. b3 Nbd7 9. Bb2 a5 10. a3 Qc7 11. Re1 Re8 12. Qc2 c5 13. d4 b5 14. Nce5 Bb7 15. dxc5 Bxf3 16. Nxd7 Bxg2 17. Nxf6+ Bxf6 18. Kxg2 Be7 19. Qe4 Rec8 20. Rad1 b4 21. axb4 axb4 22. c6 Rd8 23. Be5 Qc8 24. Rxd8+ Bxd8 25. Qxb4 1-0

[Event "Turin Sociale Alfieri CC-ch"]
[Site "Turin"]
[Date "2009.10.10"]
[Round "1"]
[White "Sarno, Spartaco"]
[Black "Leoni, Alessandro"]
[Result "1-0"]
[WhiteElo "2324"]
[BlackElo "1876"]
[PlyCount "95"]
[EventDate "2009.10.10"]
[EventType "tourn"]
[EventRounds "9"]
[EventCountry "ITA"]
[SourceTitle "EXT 2012"]
[Source "ChessBase"]
[SourceDate "2011.11.24"]
[SourceVersion "1"]
[SourceVersionDate "2011.11.24"]
[SourceQuality "1"]

1. d4 Nf6 2. c4 g6 3. Nc3 d5 4. Nf3 Bg7 5. cxd5 Nxd5 6. e4 Nxc3 7. bxc3 c5 8. Rb1 cxd4 9. cxd4 Qa5+ 10. Bd2 Qxa2 11. Bb5+ Bd7 12. Bxd7+ Nxd7 13. Rxb7 Qa6 14. Rc7 Rd8 15. Qe2 Qb6 16. Rc4 Qb5 17. Rb4 Qxe2+ 18. Kxe2 Nf6 19. e5 Nd5 20. Rb7 Ra8 21. Ra1 a6 22. Ra5 e6 23. Bb4 Bh6 24. Bc5 Nf4+ 25. Kf1 Nd5 26. g3 Rg8 27. h4 g5 28. hxg5 Bxg5 29. Ba7 Bd8 30. Rxa6 Rc8 31. Bc5 Rg4 32. Raa7 Rc7 33. Rxc7 Bxc7 34. Ra8+ Bd8 35. Nd2 f5 36. exf6 Nxf6 37. Bb6 Nd7 38. Bxd8 Kf7 39. Nf3 Rg8 40. Ne5+ Nxe5 41. dxe5 Kg6 42. Rb8 Kf5 43. Bc7 Rg7 44. Bd6 Rd7 45. Rb4 h5 46. Rf4+ Kg5 47. Rf6 Rxd6 48. f4+ 1-0

[Event "ITA-ch sf 69th"]
[Site "Arvier"]
[Date "2009.10.04"]
[Round "9"]
[White "Sarno, Spartaco"]
[Black "Pepino, Enrico"]
[Result "1/2-1/2"]
[WhiteElo "2324"]
[BlackElo "2128"]
[PlyCount "30"]
[EventDate "2009.09.26"]
[EventType "swiss"]
[EventRounds "9"]
[EventCountry "ITA"]
[SourceTitle "CBM 132 Extra"]
[Source "ChessBase"]
[SourceDate "2009.11.03"]
[SourceVersion "1"]
[SourceVersionDate "2009.11.03"]
[SourceQuality "1"]

1. c4 Nf6 2. Nc3 g6 3. g3 Bg7 4. Bg2 0-0 5. Nf3 c5 6. d4 d6 7. 0-0 Nc6 8. dxc5 dxc5 9. Be3 Be6 10. Bxc5 Qa5 11. b4 Nxb4 12. Bxe7 Rfe8 13. Bxb4 Qxb4 14. Nd5 Qa5 15. Ne1 Nxd5 1/2-1/2